Umelá muška - kráľovská disciplína rybári na majstrovstvách sveta

Bibliographic Details
Main Author: Bodnár, Miloš (Author)
Format: Article
Language:Slovak
Subjects:

MARC

LEADER 00000nab a2200000 a 4500
001 vtls001024261
003 SK-MaSNL
005 20260303042101.0
008 040720e19960919xo 0 slo
035 |a SL2828 
040 |a SLLK  |b slo  |c SLLK  |e AACR2 
041 0 |a slo 
044 |a xo  |c SK 
080 |a 799.1  |2 1981 
100 1 |a Bodnár, Miloš  |4 aut  |9 1027880 
245 1 0 |a Umelá muška - kráľovská disciplína  |b rybári na majstrovstvách sveta 
611 1 7 |a Majstrovstvá sveta v love na umelú mušku (Český Krumlov, Česko)  |2 SLLK  |9 1027881 
650 0 7 |a muškárenie  |2 SLLK  |9 14436 
650 0 7 |a roč. 16.  |2 SLLK  |9 880581 
650 0 7 |a reportáže  |2 SLLK  |9 75670 
651 7 |a Český Krumlov (Česko)  |2 SLLK  |9 59315 
655 7 |a periodikum  |2 snkbucl  |9 29553 
773 0 8 |t Ľubovnianske noviny  |g Roč. 22, č.38, 19.9.1996, s. 2 
852 |a ZVYKNI  |b KIS3GCP 
999 |c 1690421  |d 1692351